Регионална библиотека "Любен Каравелов" - Русе

Синдромът на черната котка в 13 разказа (Запис номер 502788)

MARC детайли
000 -Лидер
Лидер 00865nam a2200265 a 4500
003 - Код на организацията, давaща контролен номер
Код на организацията, даваща контролен номер BLK
005 - Дата и час на последна редакция
Дата и час на последна редакция 20250407134939.0
007 - Фиксирано поле за физическо описани
Физическо описание ta
008 - Елементи от данни с фиксирана дължина
Елементи с фиксирана дължина 221104b bu |||||r|||| 00| | bu d
020 ## - Международен стандартен номер на книга ISBN
ISBN 9786197636895
040 ## - Източник на каталожния запис
Код на библиотеката BLK
041 ## - Код за език
Език Български
Език за КДБФ Български
080 ## - УДК
9 (RLIN) 227592
УДК текст Българска литература
УДК код 821.163.2
УДК – определител -32
УДК – код + определител 821.163.2-32
084 ## - Класификационен индекс по друга класификация
Авторски знак Слави - С 43
100 ## - Редна дума - Автор
R(LIN) 402292
Автор Славова, Теодора Божидарова
245 ## - Сведения за заглавието
Заглавие Синдромът на черната котка в 13 разказа
Авторска отговорност Теодора Славова
260 ## - Област на издателските данни
9 (RLIN) 218323
Място на издаване София
Име на издателя Потайниче
Година на издаване 2023
300 ## - Физическа характеристика
Брой страници 124 с.
Размер 20 см
380 ## - Жанр
Жанр Худож. лит.
500 ## - Общи забележки
Обща забележка Загл. на кор.: Синдромът на черната котка
852 ## - Местоположение
Сигнатура (форматна) Цб 326954
Отдел Хранилище
856 ## - Електронен адрес и достъп
Инструкция (цена за достъп) 0.00
Права за достъп disable
942 ## - АРТИКУЛИ
Вид на библиотечния документ Книги
Скрит в OPAC Не
944 ## - СЪЗДАВАНЕ И РЕДАКЦИЯ на ЗАПИСА
Дата на регистрацията/редакция 1
Служител, извършил регистрацията/редакцията 30550
Номер на служител Кети Илиева
999 ## - СИСТЕМНИ КОНТРОЛНИ НОМЕРА
Koha biblionumber 502788
Koha biblioitemnumber 502788
Наличности
Код за отписване Код за изгубен артикул Източник на класификационната схема Код за повреда Код за отдаване Артикулен № Име на библиотеката - собственик Име на библиотеката, в която се намира в момента Статус (Текущо местоположение) Дата на вписване в системата Местоположение - отдел Цена в лева Инвентарен номер Систематично азбучна сигнатура Баркод Цена в евро Служебен тип на артикула Коз за рестрикции
  Не е изгубен Universal Decimal Classification Не е повреден заемане за дома 939951 Регионална библиотека "Любен Каравелов" Русе Регионална библиотека "Любен Каравелов" Русе Заемна - подръчен фонд 2024-02-07 Заемна - подръчен фонд 8.40 120000898979 821.163.2-32/С 43 Т 120000898979 4.29 Книги  
  Не е изгубен Universal Decimal Classification Не е повреден заемане за дома 939952 Регионална библиотека "Любен Каравелов" Русе Регионална библиотека "Любен Каравелов" Русе Заемна - подръчен фонд 2024-02-07 Заемна - подръчен фонд 8.40 120000898980 821.163.2-32/С 43 Т 120000898980 4.29 Книги  
  Не е изгубен Universal Decimal Classification Не е повреден ползва се в читалня 972155 Регионална библиотека "Любен Каравелов" Русе Регионална библиотека "Любен Каравелов" Русе Хранилище 2025-05-23 Хранилище 12.00 120000919814 Цб 326954 120000919814 6.14 Книги само за читалня
Vip Innovations Ltd, Rousse, Bulgaria 2025